| 000 | 01128nam a2200313 i 4500 | ||
|---|---|---|---|
| 001 | bg | ||
| 100 | 1 | _aHAKEN, Hermann | |
| 245 | 1 | 0 |
_aAtomy i kwanty : _bwprowadzenie do współczesnej spektroskopii atomowej / _cHermann Haken, Hans Christoph Wolf ; z jęz. ang. tł. Irena Deperasińska, Jerzy Prochorow. |
| 246 |
_iTyt. oryg.: _aThe physics of atoms and quanta |
||
| 250 | _aWyd. 2 zm. | ||
| 260 |
_aWarszawa : _bWydaw. Naukowe PWN, _c2002. |
||
| 300 |
_a538, [1] s. : _bil. ; _c25 cm. |
||
| 500 | _aTyt. oryg.: "The physics of atoms and quanta". | ||
| 504 | _aBibliogr., indeks. | ||
| 650 | 9 | _aFizyka atomowa | |
| 650 | 9 | _aSpektroskopia atomowa | |
| 655 | _aPodręczniki akademickie | ||
| 700 | 1 | _aWOLF, Hans Christoph | |
| 700 | 1 |
_aDEPERASIŃSKA, Irena. _eTł. |
|
| 700 | 1 |
_aPROCHOROW, Jerzy. _eTł. |
|
| 020 | _a830113626X | ||
| 040 | _cBPK | ||
| 041 | 1 | _apol | |
| 080 | _a539.1+530.145:544.1](075.8) | ||
| 920 | _a83-01-13626-X | ||
| 942 | _cKS | ||
| 008 | s pl f |000 0 pol | ||
| 999 |
_c44872 _d44872 |
||
| 856 |
_uhttp://koha.tu.koszalin.pl/cgi-bin/koha/opac-detail.pl?biblionumber=44872 _yKatalog online BPK |
||